| 000 | 00504 a2200169 4500 | ||
|---|---|---|---|
| 005 | 20250516060725.0 | ||
| 020 | _a0-07-304018-5 | ||
| 082 | _a515 HOF | ||
| 100 | _aHOFFMANN, L. D. | ||
| 245 | _aCalculus: For Business, Economics, and The Social and Life Sciences. | ||
| 250 | _a7th Ed. | ||
| 260 |
_aNew York, _bMcgraw- Hill ,Inc, _c2000. |
||
| 300 |
_axxi,723p.: Ill.; figures. _bIndex. _c23cm. |
||
| 700 | _aGERALD, L. B. | ||
| 856 |
_yAccess Online Book. _fCalculus. _dwww.mhhe.com |
||
| 942 |
_2ddc _cBKS |
||
| 999 |
_c1021 _d1021 |
||